Εννοιολογική τέχνη
Saved in:
| Main Author: | |
|---|---|
| Format: | Book |
| Language: | Greek English |
| Published: |
Αθήνα :
Καστανιώτης,
2001.
|
| Series: | Τέχνη και ιδέες (Καστανιώτης)
|
| Subjects: | |
| Tags: |
Add Tag
No Tags, Be the first to tag this record!
|
MARC
| LEADER | 00000cam a2200000 i 4500 | ||
|---|---|---|---|
| 001 | 1/29643 | ||
| 008 | 130517s2001 gr | ||| |||| ||gre|| | ||
| 020 | |a 9600333114 | ||
| 035 | |l 10114416 | ||
| 040 | |a GR-MyUa |b gre |e AACR2 | ||
| 041 | 1 | |a gre |h eng | |
| 082 | 7 | |a 709.04075 |2 (22) | |
| 100 | 1 | |a Godfrey, Tony. | |
| 245 | 1 | 0 | |a Εννοιολογική τέχνη / |c Τόνυ Γκόντφρευ ; μετάφραση: Ειρήνη Οράτη. |
| 260 | |a Αθήνα : |b Καστανιώτης, |c 2001. | ||
| 300 | |a 447 σ. : |b εικ. ; |c 22 εκ. | ||
| 490 | 1 | |a (Τέχνη και ιδέες / Καστανιώτης) | |
| 504 | |a Βιβλιογραφία: σ. 438-440. Ευρετήριο. | ||
| 650 | 0 | |a Conceptual art. | |
| 650 | 0 | |a Art, Modern |y 20th century. | |
| 765 | 0 | 8 | |i Μετάφραση του: |t Conceptual art / |
| 830 | 0 | |a Τέχνη και ιδέες (Καστανιώτης) | |
| 852 | |a INST |b SYROS |c EUDOXUS |e 20130517 |h 709.04075 GOD |p 005500010806 |q 005500010806 |t EDX |y 0 | ||
| 901 | |a BIBL5-2013-1 | ||
| 970 | |a Κοντού |b Παρασκευή |z 17/05/2013 | ||